Effects of non gaseous latex stimulants on raw rubber properties of clone RRIM 901 (Record no. 58360)

MARC details
000 -LEADER
fixed length control field 00631nam a2200181Ia 4500
100 ## - MAIN ENTRY--AUTHOR NAME
Personal name Zameri Mohamed
245 #0 - TITLE STATEMENT
Title Effects of non gaseous latex stimulants on raw rubber properties of clone RRIM 901
260 ## - PUBLICATION, DISTRIBUTION, ETC. (IMPRINT)
Name of publisher IRRDB Natural Rubber Conference 2008, 13-15 October 2008, Kuala Lumpur, Malaysia: Abstract of papers
500 ## - GENERAL NOTE
General note Source Year: 2008
650 ## - SUBJECT ADDED ENTRY--TOPICAL TERM
Topical Term Dry rubber content
650 ## - SUBJECT ADDED ENTRY--TOPICAL TERM
Topical Term Non gaseous latex stimulant
650 ## - SUBJECT ADDED ENTRY--TOPICAL TERM
Topical Term Raw rubber properties
700 ## - ADDED ENTRY--PERSONAL NAME
Personal name Muhammad Akbar Abdul Gaffar
700 ## - ADDED ENTRY--PERSONAL NAME
Personal name Zairossani Mohd Nor
856 ## - ELECTRONIC LOCATION AND ACCESS
Uniform Resource Identifier Abst only
942 ## - ADDED ENTRY ELEMENTS (KOHA)
Koha item type Journals
Holdings
Withdrawn status Lost status Damaged status Not for loan Home library Current library Shelving location Date acquired Koha item type
      Journals RRII Library RRII Library Rubber technology 29/01/2009 Journals